[Event "Clichy Rapid op"]
[Site "Clichy"]
[Date "2023.07.09"]
[Round "3"]
[White "Keller, Christophe"]
[Black "Materia, Marco"]
[Result "0-1"]
[WhiteElo "1918"]
[BlackElo "2436"]
[PlyCount "64"]
[EventDate "2023.07.09"]
[EventType "swiss (rapid)"]
[EventRounds "9"]
[EventCountry "FRA"]
[SourceTitle "CBM 215 Extra"]
[Source "ChessBase"]
[SourceDate "2023.09.30"]
[SourceVersion "1"]
[SourceVersionDate "2023.09.30"]
[SourceQuality "1"]

1. e4 c5 2. Nc3 e6 3. Nf3 Nc6 4. Bb5 Nd4 5. 0-0 a6 6. Bd3 Nc6 7. Be2 Qc7 8. d4 cxd4 9. Nxd4 Nf6 10. Nxc6 bxc6 11. f4 d5 12. Qd3 Be7 13. e5 Nd7 14. Qg3 0-0 15. Kh1 a5 16. f5 Qxe5 17. Bf4 Qxf5 18. Bd3 Qh5 19. Rae1 Ba6 20. Bxa6 Rxa6 21. Qd3 Rb6 22. Na4 Rb4 23. b3 Nb6 24. Nxb6 Rxb6 25. Rf3 a4 26. Be5 axb3 27. axb3 Rb4 28. c4 dxc4 29. bxc4 Rd8 30. Qc3 f6 31. Bc7 Rc8 32. Ba5 Qxa5 0-1

[Event "Sables d'Olonne op 1st"]
[Site "Sables d'Olonne"]
[Date "2014.07.12"]
[Round "1"]
[White "Keller, Christophe"]
[Black "Le Roux, Jean Pierre"]
[Result "1/2-1/2"]
[WhiteElo "2140"]
[BlackElo "2560"]
[PlyCount "61"]
[EventDate "2014.07.12"]
[EventType "swiss"]
[EventRounds "9"]
[EventCountry "FRA"]
[SourceTitle "CBM 161 Extra"]
[Source "ChessBase"]
[SourceDate "2014.08.29"]
[SourceVersion "1"]
[SourceVersionDate "2014.08.29"]
[SourceQuality "1"]

1. e4 c6 2. d4 d5 3. Nc3 g6 4. h3 Bg7 5. Nf3 Nh6 6. Bd3 0-0 7. Qe2 c5 8. exd5 cxd4 9. Nxd4 e6 10. 0-0 exd5 11. Bf4 Nc6 12. Ndb5 d4 13. Ne4 Ne5 14. Ng3 Nxd3 15. Qxd3 a6 16. Nxd4 Qxd4 17. Qxd4 Bxd4 18. Bxh6 Bxb2 19. Rab1 Bg7 20. Bxg7 Kxg7 21. Rb6 Be6 22. a3 Bd5 23. Rd1 Bc6 24. Ne2 Rfd8 25. Nd4 Rac8 26. c3 Bd5 27. Rd3 Kf8 28. f3 Rd7 29. Kf2 Rdc7 30. Ne2 Bc4 31. Re3 1/2-1/2

[Event "Syre Memorial op 34th"]
[Site "Issy les Moulineaux"]
[Date "2011.06.04"]
[Round "4"]
[White "Auvray, Simon"]
[Black "Keller, Christophe"]
[Result "0-1"]
[WhiteElo "2034"]
[BlackElo "2190"]
[PlyCount "108"]
[EventDate "2011.06.03"]
[EventType "swiss"]
[EventRounds "6"]
[EventCountry "FRA"]
[SourceTitle "EXT 2012"]
[Source "ChessBase"]
[SourceDate "2011.11.24"]
[SourceVersion "1"]
[SourceVersionDate "2011.11.24"]
[SourceQuality "1"]

1. e4 e6 2. d4 d5 3. Nd2 Nf6 4. e5 Nfd7 5. Bd3 c5 6. c3 Nc6 7. Ne2 f6 8. exf6 Nxf6 9. Nf3 Bd6 10. 0-0 0-0 11. Bf4 Qc7 12. Bxd6 Qxd6 13. Ng3 e5 14. dxe5 Nxe5 15. Nxe5 Qxe5 16. Qc2 Bd7 17. Rae1 Qg5 18. Bf5 Rad8 19. Bxd7 Rxd7 20. Qb3 Rfd8 21. Re6 b6 22. Rfe1 Kf8 23. Qc2 Qg6 24. Qxg6 hxg6 25. Rd1 d4 26. cxd4 Rxd4 27. Rxd4 cxd4 28. Kf1 Kf7 29. Rc6 Rd7 30. Ke1 Nd5 31. Rc4 Nf4 32. Kd2 Nxg2 33. Ne2 Nh4 34. Nxd4 Nf5 35. Kc3 Nd6 36. Ra4 b5 37. Ra5 Ne4+ 38. Kd3 Nxf2+ 39. Ke2 Rxd4 40. Kxf2 Rd2+ 41. Kg3 Rxb2 42. Rxa7+ Kf6 43. Rb7 g5 44. a4 Rb3+ 45. Kg4 bxa4 46. Ra7 Rb4+ 47. Kg3 Kf5 48. Ra5+ Kg6 49. Ra8 g4 50. Ra5 Kf6 51. Rc5 Ke6 52. Rg5 Kd6 53. Rxg7 Rc4 54. Rg5 Kc6 0-1

[Event "Syre Memorial op 34th"]
[Site "Issy les Moulineaux"]
[Date "2011.06.03"]
[Round "1"]
[White "Keller, Christophe"]
[Black "Massimi, Pierre"]
[Result "1-0"]
[WhiteElo "2190"]
[BlackElo "1973"]
[PlyCount "39"]
[EventDate "2011.06.03"]
[EventType "swiss"]
[EventRounds "6"]
[EventCountry "FRA"]
[SourceTitle "EXT 2012"]
[Source "ChessBase"]
[SourceDate "2011.11.24"]
[SourceVersion "1"]
[SourceVersionDate "2011.11.24"]
[SourceQuality "1"]

1. e4 e5 2. Nc3 Nf6 3. Bc4 Bc5 4. d3 d6 5. Na4 Qe7 6. Nxc5 dxc5 7. f4 Nc6 8. Nf3 Bg4 9. 0-0 0-0-0 10. h3 Bxf3 11. Qxf3 b5 12. Bxb5 Nd4 13. Ba6+ Kb8 14. Qd1 exf4 15. Bxf4 Ne6 16. c3 c4 17. Bxc4 Nc5 18. Bg5 Ncxe4 19. Qb3+ Ka8 20. dxe4 1-0

[Event "Metz op 26th"]
[Site "Metz"]
[Date "2008.04.27"]
[Round "9"]
[White "Laurent, Bruno"]
[Black "Keller, Christophe"]
[Result "1-0"]
[WhiteElo "2346"]
[BlackElo "2199"]
[PlyCount "73"]
[EventDate "2008.04.19"]
[EventType "swiss"]
[EventRounds "9"]
[EventCountry "FRA"]
[SourceTitle "CBM 123 Extra"]
[Source "ChessBase"]
[SourceDate "2008.05.06"]
[SourceVersion "1"]
[SourceVersionDate "2008.05.06"]
[SourceQuality "1"]

1. e4 e6 2. d4 d5 3. Nd2 Nf6 4. e5 Nfd7 5. c3 c5 6. Bd3 Nc6 7. Ne2 f6 8. Nf4 Qe7 9. Nf3 fxe5 10. dxe5 Ndxe5 11. Nxe5 Nxe5 12. Qh5+ Nf7 13. 0-0 g6 14. Bb5+ Kd8 15. Qe2 Bg7 16. Re1 Ne5 17. Be3 a6 18. Ba4 Bd7 19. Bxd7 Kxd7 20. b4 Qf7 21. bxc5 Rac8 22. Rab1 Rhe8 23. Nd3 Nc6 24. Bf4 e5 25. Bg3 Re7 26. Rb6 Ke8 27. Reb1 Rec7 28. Bh4 Bf6 29. Bxf6 Qxf6 30. Nb4 d4 31. c4 Qf5 32. Nd5 d3 33. Qd2 Rf7 34. Rxb7 Nd4 35. Rxf7 Kxf7 36. Qh6 g5 37. Rb7+ 1-0

[Event "FRA-chT2B 0506"]
[Site "France"]
[Date "2006.03.11"]
[Round "8.4"]
[White "Doucet, Christian"]
[Black "Keller, Christophe"]
[Result "0-1"]
[WhiteElo "2248"]
[BlackElo "2196"]
[PlyCount "118"]
[EventDate "2005.10.27"]
[EventType "team-tourn"]
[EventRounds "11"]
[EventCountry "FRA"]
[SourceTitle "EXT 2006"]
[Source "ChessBase"]
[SourceDate "2005.11.24"]
[SourceVersion "1"]
[SourceVersionDate "2005.11.24"]
[SourceQuality "1"]
[WhiteTeam "Gif sur Yvette"]
[BlackTeam "Clichy II"]
[WhiteTeamCountry "FRA"]
[BlackTeamCountry "FRA"]

1. d4 e6 2. c4 b6 3. Nc3 Bb4 4. Qc2 Bb7 5. a3 Bxc3+ 6. Qxc3 Nf6 7. Bg5 h6 8. Bh4 0-0 9. e3 d6 10. Ne2 Nbd7 11. Qd3 c5 12. Nc3 Qe7 13. f3 d5 14. Be2 dxc4 15. Qxc4 cxd4 16. exd4 Rac8 17. Qa4 e5 18. Rd1 exd4 19. Qxd4 Rfe8 20. 0-0 Red8 21. Qd6 Qe3+ 22. Bf2 Qe5 23. Qxe5 Nxe5 24. Bh4 g5 25. Bg3 Ng6 26. Rxd8+ Rxd8 27. Rd1 Rxd1+ 28. Bxd1 Nh5 29. Bb8 a6 30. Na4 b5 31. Nc5 Bc8 32. g3 Nf6 33. Kf2 Nd7 34. Nxd7 Bxd7 35. Ke3 Ne7 36. Be5 Be6 37. Bc2 f5 38. Bd3 Kf7 39. a4 bxa4 40. Bxa6 Bb3 41. Kd3 Nc6 42. Bc3 Bd1 43. f4 gxf4 44. gxf4 Ne7 45. Bc4+ Kg6 46. Bb4 Nc6 47. Bd6 Kh5 48. Bd5 Na5 49. Be6 Nb7 50. Be7 Kg4 51. Ke3 Bc2 52. h4 Na5 53. Bf7 Bb3 54. Bxb3 axb3 55. Bf6 h5 56. Bc3 Nc4+ 57. Kd4 Nxb2 58. Bxb2 Kxh4 59. Ke3 Kg3 0-1

[Event "FRA-chT2B 0506"]
[Site "France"]
[Date "2005.10.16"]
[Round "1.7"]
[White "Herrou, Christophe"]
[Black "Keller, Christophe"]
[Result "0-1"]
[WhiteElo "2142"]
[BlackElo "2196"]
[PlyCount "156"]
[EventDate "2005.10.27"]
[EventType "team-tourn"]
[EventRounds "11"]
[EventCountry "FRA"]
[SourceTitle "EXT 2006"]
[Source "ChessBase"]
[SourceDate "2005.11.24"]
[SourceVersion "1"]
[SourceVersionDate "2005.11.24"]
[SourceQuality "1"]
[WhiteTeam "Orcher La Tour II"]
[BlackTeam "Clichy II"]
[WhiteTeamCountry "FRA"]
[BlackTeamCountry "FRA"]

1. e4 e6 2. d4 d5 3. e5 c5 4. c3 Qb6 5. a3 Nc6 6. Nf3 Bd7 7. b4 cxd4 8. cxd4 Rc8 9. Be2 a5 10. b5 Nxd4 11. Nxd4 Rxc1 12. Qxc1 Qxd4 13. Ra2 Qxe5 14. Nd2 Nf6 15. Nf3 Qb8 16. 0-0 Bd6 17. b6 0-0 18. Qd2 e5 19. g3 a4 20. Rc1 d4 21. Qb2 Nd5 22. Nxd4 exd4 23. Qxd4 Nf6 24. Bf3 Be5 25. Qb4 Rc8 26. Rac2 Rxc2 27. Rxc2 Bd6 28. Qa5 g6 29. Qa7 Qe8 30. Re2 Qc8 31. Re1 Bc6 32. Rc1 Qf5 33. Bxc6 bxc6 34. b7 Nd7 35. Qxa4 Nb8 36. Qb3 Kg7 37. a4 Qa5 38. Qc3+ Qxc3 39. Rxc3 Kf8 40. f4 Ke7 41. Kf2 Kd7 42. Ke3 Bb4 43. Rc2 Kc7 44. g4 Kxb7 45. f5 g5 46. Kd3 Nd7 47. Re2 Bd6 48. h3 Nc5+ 49. Kc2 Nxa4 50. Re8 f6 51. Rh8 c5 52. Rxh7+ Kc6 53. h4 gxh4 54. Rxh4 Nb6 55. Rh6 Nd5 56. Rg6 Bf4 57. Kd3 Bg5 58. Rg8 Nb6 59. Re8 Nd7 60. Kc3 Ne5 61. Rc8+ Kd5 62. Rd8+ Ke4 63. Rc8 c4 64. Rd8 Kf3 65. Rd4 Bf4 66. Rd1 Kxg4 67. Kd4 Kxf5 68. Rf1 Ng4 69. Rb1 Ne3 70. Rg1 Bb8 71. Rb1 Ba7+ 72. Kc3 Ke4 73. Rb7 Bd4+ 74. Kd2 c3+ 75. Kc1 Kd3 76. Rh7 Nc4 77. Rh2 Be3+ 78. Kd1 Bd2 0-1

[Event "FRA-chT2 0405"]
[Site "France"]
[Date "2004.10.10"]
[Round "1.5"]
[White "Keller, Christophe"]
[Black "Lam, Sophie"]
[Result "1-0"]
[WhiteElo "2198"]
[BlackElo "2037"]
[PlyCount "103"]
[EventDate "2004.10.10"]
[EventType "team"]
[EventRounds "11"]
[EventCountry "FRA"]
[SourceTitle "EXT 2006"]
[Source "ChessBase"]
[SourceDate "2005.11.24"]
[SourceVersion "1"]
[SourceVersionDate "2005.11.24"]
[SourceQuality "1"]
[WhiteTeam "Clichy  II"]
[BlackTeam "Creteil  II"]
[WhiteTeamCountry "FRA"]
[BlackTeamCountry "FRA"]

1. e4 c5 2. Nc3 Nc6 3. f4 g6 4. Nf3 Bg7 5. Bb5 e6 6. Bxc6 dxc6 7. e5 b6 8. Ne4 Bf8 9. d3 h5 10. 0-0 Be7 11. b3 Nh6 12. Bb2 Nf5 13. Qd2 Ba6 14. g3 Qc7 15. Nd6+ Kf8 16. Ng5 Nh6 17. Ndxf7 Bxg5 18. Nxg5 Ke7 19. Ne4 Rad8 20. a4 c4 21. bxc4 c5 22. a5 Bb7 23. f5 gxf5 24. Qg5+ Kd7 25. Nd6 Rdg8 26. Qxh5 Qc6 27. Nxb7 Qxb7 28. Bc1 Rh7 29. Bxh6 Rgh8 30. axb6 axb6 31. Qf3 Qxf3 32. Rxf3 Rxh6 33. Ra7+ Kc6 34. h4 Rg6 35. Kf2 Rg4 36. Re7 Rg6 37. Re3 Ra8 38. h5 Rh6 39. Kf3 Ra1 40. g4 fxg4+ 41. Kxg4 Rh1 42. Rf3 Rg1+ 43. Rg3 Rh1 44. Kf3 R1xh5 45. Rgg7 b5 46. Rc7+ Kb6 47. Rb7+ Ka6 48. Rxb5 Rxe5 49. Kg4 Rh1 50. Kf4 Rf5+ 51. Ke3 Rh2 52. Rg1 1-0

[Event "FRA-chT2S 0203"]
[Site "France"]
[Date "2003.04.06"]
[Round "11.9"]
[White "Devulder, Armine"]
[Black "Keller, Christophe"]
[Result "1/2-1/2"]
[WhiteElo "2060"]
[BlackElo "2171"]
[PlyCount "54"]
[EventDate "2002.10.??"]
[EventType "team"]
[EventRounds "11"]
[EventCountry "FRA"]
[SourceTitle "EXT 2004"]
[Source "ChessBase"]
[SourceDate "2003.11.25"]
[SourceVersion "1"]
[SourceVersionDate "2003.11.25"]
[SourceQuality "1"]
[WhiteTeam "Le Vesinet"]
[BlackTeam "Clichy II"]
[WhiteTeamCountry "FRA"]
[BlackTeamCountry "FRA"]

1. e4 e6 2. d4 d5 3. exd5 exd5 4. Nf3 Nf6 5. Bd3 Nc6 6. h3 Nb4 7. Bb5+ c6 8. Ba4 Bd6 9. 0-0 0-0 10. c3 Na6 11. Bc2 Nc7 12. Bg5 Ne6 13. Nbd2 Nxg5 14. Nxg5 h6 15. Ngf3 Nh5 16. Ne5 Nf4 17. Ndf3 Bxe5 18. dxe5 f6 19. Re1 fxe5 20. Rxe5 Qf6 21. Re3 Bf5 22. Bxf5 Qxf5 23. Qd4 Qg6 24. Ne1 Rf7 25. Kh1 b6 26. b4 Raf8 27. Rf3 Qg5 1/2-1/2

[Event "FRA-chT2S 0203"]
[Site "France"]
[Date "2002.11.16"]
[Round "2.8"]
[White "Keller, Christophe"]
[Black "Couche, Didier"]
[Result "1-0"]
[WhiteElo "2171"]
[BlackElo "2131"]
[PlyCount "39"]
[EventDate "2002.10.??"]
[EventType "team"]
[EventRounds "11"]
[EventCountry "FRA"]
[SourceTitle "EXT 2004"]
[Source "ChessBase"]
[SourceDate "2003.11.25"]
[SourceVersion "1"]
[SourceVersionDate "2003.11.25"]
[SourceQuality "1"]
[WhiteTeam "Clichy II"]
[BlackTeam "Cappelle la Grande"]
[WhiteTeamCountry "FRA"]
[BlackTeamCountry "FRA"]

1. d4 d5 2. Nc3 Bf5 3. f3 e6 4. e4 Bg6 5. exd5 exd5 6. Qe2+ Be7 7. Qb5+ Nd7 8. Qxd5 Bxc2 9. Bc4 Bg6 10. Qxb7 Rb8 11. Qxa7 Bd6 12. Nge2 Qh4+ 13. g3 Qh5 14. 0-0 Ngf6 15. Nf4 Bxf4 16. Re1+ Kf8 17. Bxf4 Qxf3 18. Bxc7 Ng4 19. Bd6+ Kg8 20. Qxb8+ 1-0

[Event "Metz op 18th"]
[Site "Metz"]
[Date "2000.04.22"]
[Round "8"]
[White "Bogdanovski, Vlatko"]
[Black "Keller, Christophe"]
[Result "1-0"]
[WhiteElo "2479"]
[BlackElo "2217"]
[PlyCount "49"]
[EventDate "2000.04.15"]
[EventType "swiss"]
[EventRounds "9"]
[EventCountry "FRA"]
[SourceTitle "CBM 075 Extra"]
[Source "ChessBase"]
[SourceDate "2000.05.11"]
[SourceVersion "2"]
[SourceVersionDate "2000.05.11"]
[SourceQuality "1"]

1. d4 e6 2. Nf3 Nf6 3. g3 b6 4. Bg2 Bb7 5. c4 Be7 6. Nc3 Ne4 7. Bd2 Bf6 8. 0-0 0-0 9. Rc1 d6 10. d5 Bxc3 11. Bxc3 Nxc3 12. Rxc3 e5 13. Nd2 Nd7 14. f4 exf4 15. gxf4 a5 16. Nb3 Qf6 17. e4 Rfe8 18. Nd4 Nc5 19. Re3 Bc8 20. e5 dxe5 21. fxe5 Qh6 22. Qf3 Kh8 23. e6 f6 24. Nf5 Qg6 25. Qe2 1-0